Literatura española I : Pepita Jiménez, El sobrero de tres picos, Peñas arriba, Diez leyendas, Doña Perfecta, Un destripador de antaño y otros cuentos, Su hijo único /

Guardat en:
Dades bibliogràfiques
Altres autors: Valera, Juan (autor) (autor), Alarcón, Pedro Antonio de (autor) (autor), Pereda, José María de (autor) (autor), Bécquer, Gustavo Adolfo (autor) (autor), Pérez Galdós, Benito (autor) (autor), Pardo Bazán, Emilia (autor) (autor), Alas, Leopoldo (autor) (autor), Souto Alabarce, Arturo (traducción) (traducción)
Format: Llibre
Idioma:espanyol
Publicat: México : Promexa, 1982, c1982
Col·lecció:(Gran Colección de la Literatura Universal Gallimard Promexa. Española ; 1)
Matèries:
Etiquetes: Afegir etiqueta
Sense etiquetes, Sigues el primer a etiquetar aquest registre!

MARC

LEADER 00000nam^a2200000^a^4500
001 000371385
005 20250521000000.0
009 20260526142349.94
020 |a 968-34-0189-9 
020 |a 968-34-0188-0 
025 |a Donación Juan Diego Castillo, 1 ejemplar 
037 |a Acervo ITESO - Biblioteca 
041 |a ESP 
082 |a 808. 83  |b GAL ESP V. 1 
240 1 1 |a [Gran Colección de la Literatura Universal Gallimard Promexa] 
240 1 1 |a [Gran Colección de la Literatura Universal Gallimard Promexa: literatura española] 
240 1 1 |a [Pepita Jiménez] 
240 1 4 |a [El sombrero de tres picos] 
240 1 1 |a [Peñas arriba] 
240 1 1 |a [Leyendas, de Gustavo Adolfo Bécquer] 
240 1 1 |a [Doña Perfecta] 
240 1 1 |a [Su único hijo] 
245 0 0 |a Literatura española I :  |b Pepita Jiménez, El sobrero de tres picos, Peñas arriba, Diez leyendas, Doña Perfecta, Un destripador de antaño y otros cuentos, Su hijo único /  |c J. Varela.. [et al.] ; presen. de A. Souto Alabarce. 
264 4 |a México :  |b Promexa,  |c 1982, c1982 
300 |a VII, 946 p. 
336 |a texto  |b txt  |2 rdacontenido 
337 |a sin mediación  |b n  |2 rdamedio 
338 |a volumen  |b nc  |2 rdasoporte 
440 1 |a (Gran Colección de la Literatura Universal Gallimard Promexa.  |p Española ;  |v 1) 
649 |a XX 
650 |a Leyendas Españolas 
650 |a Cuentos Españoles 
650 |a Novela Española 
650 |a Literatura Española -  |y Siglo XIX 
650 |a Literatura Española -  |y Siglo XX 
700 |a Valera, Juan  |e (autor) 
700 |a Alarcón, Pedro Antonio de  |e (autor) 
700 |a Pereda, José María de  |e (autor) 
700 |a Bécquer, Gustavo Adolfo  |e (autor) 
700 |a Pérez Galdós, Benito  |e (autor) 
700 |a Pardo Bazán, Emilia  |e (autor) 
700 |a Alas, Leopoldo  |e (autor) 
700 |a Souto Alabarce, Arturo  |e (traducción) 
740 0 |a Pepita Jiménez /  |c J. Varela ; presen. de A. Souto Alabarce. 
740 3 |a El sombrero de tres picos /  |c P.A. de Alarcón ; presen. de A. Souto Alabarce. 
740 0 |a Peñas arriba /  |c J.M. de Pereda ; presen. de A. Souto Alabarce. 
740 0 |a Diez leyendas /  |c G.A. Bécquer ; presen. de A. Souto Alabarce. 
740 0 |a Doña Perfecta /  |c B. Pérez Galdós ; presen. de A. Souto Alabarce. 
740 3 |a Un destripador de antaño y otros cuentos /  |c E.P. Bazán ; presen. de A. Souto Alabarce. 
740 0 |a Su único hijo /  |c L. Alas ; presen. de A. Souto Alabarce. 
910 |a Fondo Castillo-Martínez 
920 |a Impresos - Libros 
930 |a Fondos Especiales 
940 |a Literatura 
905 |a 127 
901 |a 0500265717  |b IT2  |c ESP  |i D  |u 20250521 
902 |a https://opac.biblio.iteso.mx/vufind/Record/000371385